Life in the oceans

Bibliographic Details
Main Author: Wu, Norbert
Format: Book
Published: Boston : Little Brown and Company , 19-
Series:Planet earth
Subjects:

MARC

LEADER 00000cam a2200000 7i4500
001 0000004199
002 000004516
005 20060206.0
020 |a 0316956384 
090 0 0 |a 574.9   |b WUN 
100 1 |a Wu, Norbert 
245 1 0 |a Life in the oceans   |c Norbert Wu 
260 |a Boston :   |b Little Brown and Company ,   |c 19- 
300 |a 96p. :   |b ill ;   |c 29cm. 
490 0 |a Planet earth 
650 0 0 |a Marine biology   |x Juvenile literature 
999 |a 037334   |b BUKU   |c JUNIOR BOOKS   |e PERPUSTAKAAN KOMUNITI PETALING JAYA